000 00826nam a2200205Ia 4500
003 Ost
005 20260507075738.0
008 260507s9999||||xx |||||||||||||| ||und||
040 _cfsecg
041 _aara
082 _a658.4013
100 _aخواجكية، محمد
_eمؤلف
245 0 _aدليل إعداد وتقييم دراسات الجدوى للمشروعات الصناعية /
_c محمد خواجكية
260 _aعمان:
_bمكتبة دار الثقافة,
_c2004
300 _a558 صفحة؛
_bإيضاحات ؛
_c25 سم
520 _aمراحل دورة المشروع،دراسة الجدوى الإقتصادية والفنية،دراسة السوق،اختيار التكنولوجيا وهندسة
653 _aالمشروعات
653 _aدراسة الجدوى
942 _cكتاب
999 _c46113
_d46113